000
00298nam a22001217a 4500
082
_a
823
_b
CAR/N
100
_a
KEENEE, CAROLYN
245
_a
NANCY DREW AND HARDY BOYS - SUPER MYSTERY
260
_a
NEWYORK
_b
POCKET BOOKS
_c
1997
300
_a
153
650
_a
ENGLISH STORY
_z
UNITED STATES
942
_c
BK
999
_c
7290
_d
7290